BASIC OF BIOSTATISTICS (Record no. 19672)
[ view plain ]
| 000 -LEADER | |
|---|---|
| fixed length control field | 00346nam a22001577a 4500 |
| 003 - CONTROL NUMBER IDENTIFIER | |
| control field | SGT |
| 020 ## - INTERNATIONAL STANDARD BOOK NUMBER | |
| International Standard Book Number | 978-93-89261-67-7 |
| 082 ## - DEWEY DECIMAL CLASSIFICATION NUMBER | |
| Classification number | 519.5 |
| Item number | B20K |
| 100 ## - MAIN ENTRY--PERSONAL NAME | |
| Personal name | KULKARNI, A.P. |
| 245 ## - TITLE STATEMENT | |
| Title | BASIC OF BIOSTATISTICS |
| 250 ## - EDITION STATEMENT | |
| Edition statement | 2ND |
| 260 ## - PUBLICATION, DISTRIBUTION, ETC. (IMPRINT) | |
| Place of publication, distribution, etc | INDIA |
| Name of publisher, distributor, etc | CBS PUB. |
| Year of Publication | 2020 |
| 300 ## - PAGE DESCRIPTION | |
| No. of Pages | 124 |
| 650 ## - SUBJECT ADDED ENTRY--TOPICAL TERM | |
| Topical term or geographic name as entry element | COMMUNITY MEDICINE |
| 942 ## - ADDED ENTRY ELEMENTS (KOHA) | |
| Source of classification or shelving scheme | Dewey Decimal Classification |
| Koha item type | Books |
| 942 ## - ADDED ENTRY ELEMENTS (KOHA) | |
| -- | 97 |
| Withdrawn status | Lost status | Source of classification or shelving scheme | Damaged status | Not for loan | Collection code | Home library | Current library | Shelving location | Date acquired | Vendor Name | Cost, normal purchase price | SGTU | Bill Number | Total Checkouts | Total Renewals | Full call number | Accession No. (Barcode) | Checked out | Date last seen | Date last borrowed | Bill Date | Koha item type |
|---|---|---|---|---|---|---|---|---|---|---|---|---|---|---|---|---|---|---|---|---|---|---|
| Dewey Decimal Classification | MEDICAL | SGT Medical Library | SGT Medical Library | Text Book | 31/12/2019 | ABC DELHI | 225.00 | SGTU | 11586 | 15 | 1 | 519.5 B20K | FM11954 | 01/07/2026 | 01/06/2026 | 01/06/2026 | 16/11/2019 | Books | ||||
| Dewey Decimal Classification | MEDICAL | SGT Medical Library | SGT Medical Library | Text Book | 31/12/2019 | ABC DELHI | 225.00 | SGTU | 11586 | 14 | 519.5 B20K | FM11955 | 19/03/2024 | 19/03/2024 | 16/11/2019 | Books | ||||||
| Dewey Decimal Classification | MEDICAL | SGT Medical Library | SGT Medical Library | Text Book | 31/12/2019 | ABC DELHI | 225.00 | SGTU | 11586 | 19 | 519.5 B20K | FM11956 | 05/02/2026 | 13/01/2026 | 16/11/2019 | Books | ||||||
| Dewey Decimal Classification | MEDICAL | SGT Medical Library | SGT Medical Library | Text Book | 31/12/2019 | ABC DELHI | 225.00 | SGTU | 11586 | 18 | 519.5 B20K | FM11957 | 15/06/2026 | 01/06/2026 | 01/06/2026 | 16/11/2019 | Books | |||||
| Dewey Decimal Classification | MEDICAL | SGT Medical Library | SGT Medical Library | Text Book | 31/12/2019 | ABC DELHI | 225.00 | SGTU | 11586 | 14 | 519.5 B20K | FM11958 | 14/07/2025 | 15/05/2025 | 16/11/2019 | Books | ||||||
| Dewey Decimal Classification | MEDICAL | SGT Medical Library | SGT Medical Library | Text Book | 31/12/2019 | ABC DELHI | 225.00 | SGTU | 11586 | 16 | 519.5 B20K | FM11959 | 17/12/2025 | 09/12/2025 | 16/11/2019 | Books | ||||||
| Dewey Decimal Classification | MEDICAL | SGT Medical Library | SGT Medical Library | Text Book | 31/12/2019 | ABC DELHI | 225.00 | SGTU | 11586 | 7 | 519.5 B20K | FM11960 | 10/01/2025 | 03/01/2025 | 16/11/2019 | Books | ||||||
| Dewey Decimal Classification | MEDICAL | SGT Medical Library | SGT Medical Library | Text Book | 31/12/2019 | ABC DELHI | 225.00 | SGTU | 11586 | 12 | 1 | 519.5 B20K | FM11961 | 01/07/2026 | 01/06/2026 | 01/06/2026 | 16/11/2019 | Books |